Halo: The Reclaimer Saga all levels - Statistics

General Stats
  • This quiz has been taken 9 times
    3 since last reset
  • The average score is 24 of 51
Answer Stats
Hint Answer % Correct
Halo 5: Guardians Blue Team
67%
Halo Infinite Conservatory
67%
Halo 4 Dawn
67%
Halo 4 Epilogue
67%
Halo Infinite Excavation Site
67%
Halo 4 Forerunner
67%
Halo Infinite Foundation
67%
Halo Infinite House of Reckoning
67%
Halo 4 Infinity
67%
Halo 4 Midnight
67%
Halo Infinite Nexus
67%
Halo 5: Guardians Osiris
67%
Halo Infinite Outpost Tremonius
67%
Halo Infinite Pelican Down
67%
Halo 4 Prologue
67%
Halo 4 Reclaimer
67%
Halo Infinite Recovery
67%
Halo Infinite Repository
67%
Halo 4 Requiem
67%
Halo Infinite Silent Auditorium
67%
Halo Infinite Spire
67%
Halo Infinite The Command Spire
67%
Halo Infinite The Road
67%
Halo Infinite The Tower
67%
Halo Infinite Warship Gbraakon
67%
Halo 5: Guardians Alliance
33%
Halo 4: Spartan Ops Artifact
33%
Halo 5: Guardians Battle of Sunaion
33%
Halo 5: Guardians Before the Storm
33%
Halo 4: Spartan Ops Catherine
33%
Halo 4 Composer
33%
Halo 4: Spartan Ops Didact's Hand
33%
Halo 5: Guardians Enemy Lines
33%
Halo 5: Guardians Evacuation
33%
Halo 4: Spartan Ops Exodus
33%
Halo 5: Guardians Genesis
33%
Halo 5: Guardians Glassed
33%
Halo 5: Guardians Guardians
33%
Halo 4: Spartan Ops Memento Mori
33%
Halo 5: Guardians Meridian Station
33%
Halo 5: Guardians Reunion
33%
Halo 4 Shutdown
33%
Halo 5: Guardians Swords of Sanghelios
33%
Halo 5: Guardians The Breaking
33%
Halo Infinite The Sequence
33%
Halo 5: Guardians Unconfirmed
33%
Halo 4: Spartan Ops Departure
0%
Halo 4: Spartan Ops Expendable
0%
Halo 4: Spartan Ops Invasion
0%
Halo 4: Spartan Ops Key
0%
Halo 4: Spartan Ops Scaterred
0%
No matching quizzes found
Score Distribution
Percent of People with Each Score
Percentile by Number Answered
Your Score History
You have not taken this quiz since the last reset